MARC details
| 000 -CABECERA |
| campo de control de longitud fija |
01909cam a2200289 i 4500 |
| 003 - IDENTIFICADOR DEL NÚMERO DE CONTROL |
| campo de control |
DO-SdBNP |
| 005 - FECHA Y HORA DE LA ÚLTIMA TRANSACCIÓN |
| campo de control |
20240625105028.0 |
| 007 - CAMPO FIJO DE DESCRIPCIÓN FÍSICA--INFORMACIÓN GENERAL |
| campo de control de longitud fija |
ta |
| 008 - DATOS DE LONGITUD FIJA--INFORMACIÓN GENERAL |
| campo de control de longitud fija |
240625s1975 mx 000 f spa d |
| 040 ## - FUENTE DE LA CATALOGACIÓN |
| Centro catalogador/agencia de origen |
DO-SdBNP |
| Centro/agencia transcriptor |
spa |
| Centro/agencia modificador |
BNPHU |
| Normas de descripción |
rda |
| 082 ## - NÚMERO DE LA CLASIFICACIÓN DECIMAL DEWEY |
| Número de documento/Ítem |
S211 |
| Número de edición |
22 |
| 100 1# - ENTRADA PRINCIPAL--NOMBRE DE PERSONA |
| Nombre de persona |
Sánchez, José León |
| Término indicativo de función/relación |
autor |
| 9 (RLIN) |
85788 |
| 245 13 - MENCIÓN DE TÍTULO |
| Título |
La isla de los hombres solos / |
| Mención de responsabilidad, etc. |
José León Sánchez |
| 250 ## - MENCIÓN DE EDICIÓN |
| Mención de edición |
65a edición |
| 264 #1 - PRODUCCIÓN, PUBLICACIÓN, DISTRIBUCIÓN, FABRICACIÓN Y COPYRIGHT |
| Producción, publicación, distribución, fabricación y copyright |
México : |
| Nombre del de productor, editor, distribuidor, fabricante |
Novaro, |
| Fecha de producción, publicación, distribución, fabricación o copyright |
1975. |
| 300 ## - DESCRIPCIÓN FÍSICA |
| Extensión |
234 páginas |
| Dimensiones |
21 cm. |
| 336 ## - TIPO DE CONTENIDO |
| Fuente |
rdacontent |
| Término de tipo de contenido |
texto |
| Código de tipo de contenido |
txt |
| 337 ## - TIPO DE MEDIO |
| Fuente |
rdamedia |
| Nombre/término del tipo de medio |
sin mediación |
| Código del tipo de medio |
n |
| 338 ## - TIPO DE SOPORTE |
| Fuente |
rdacarrier |
| Nombre/término del tipo de soporte |
volumen |
| Código del tipo de soporte |
nc |
| 520 ## - SUMARIO, ETC. |
| Sumario, etc. |
José León Sánchez, trata sobre las condiciones inhumanas del penal de San Lucas en Costa Rica.<br/><br/>En primera persona un hombre narra cómo es acusado injustamente de asesinato y es condenado a trabajo forzado, como es llevado al penal de san Lucas, su estancia en el temido lugar, las vejaciones a que es sometido y el hambre crónica pintada en cada una de las caras de los presos. El penal de San Lucas se caracterizaba por ser una isla donde sólo hombres eran encarcelados, las prácticas homosexuales y con los animales eran cosa común en el claustro, algunos hombres terminaban por tomar roles de mujer.<br/><br/>En el penal primeramente colocaban un grillete de varios kilos que terminaba por llenar de llagas el tobillo, ocasionando gangrenas e infecciones dolorosas. La comida era escasa, el hambre se enseñoreaba, al mismo tiempo que los malos tratos y las golpizas de los guardias. La muerte era la única forma de escapar de aquel lugar, las aguas infestadas de tiburones hacían imposible el escape; no por eso, no había intento fallidos de fuga. |
| 590 ## - NOTA LOCAL (RLIN) |
| Nota local |
Inventariado, 2024/ YL |
| 650 14 - PUNTO DE ACCESO ADICIONAL DE MATERIA--TÉRMINO DE MATERIA |
| Término de materia o nombre geográfico como elemento de entrada |
Historias de vida |
| 9 (RLIN) |
85785 |
| 650 14 - PUNTO DE ACCESO ADICIONAL DE MATERIA--TÉRMINO DE MATERIA |
| Término de materia o nombre geográfico como elemento de entrada |
Privados de libertad |
| 9 (RLIN) |
85786 |
| 650 14 - PUNTO DE ACCESO ADICIONAL DE MATERIA--TÉRMINO DE MATERIA |
| Término de materia o nombre geográfico como elemento de entrada |
Sistema penitenciario |
| Subdivisión geográfica |
Costa Rica |
| 9 (RLIN) |
85789 |
| 910 ## - DATOS DE OPCIÓN DEL USUARIO (OCLC) |
| Datos de opción del usuario |
YLockward |
| 942 ## - ELEMENTOS DE PUNTO DE ACCESO ADICIONAL (KOHA) |
| Fuente del sistema de clasificación o colocación |
Dewey Decimal Classification |
| Tipo de ítem Koha |
Libro |